000 00753nam a2200217 a 4500
001 000022168
005 20200930011618.0
008 100917s1972 sp 000 |bspa d
040 _aDO-SdBNP
_bspa
_cBNPHU
082 _axxx
_bS678G
100 1 _aGiannantoni, G.
_945866
240 1 0 _aChe cosa ha veramente detto Socrates
_lespañol
245 1 0 _aQué ha dicho verdaderamente Socrates /
_cG. Giannantoni; traducción de Francisco Fernández.
260 _aMadrid :
_bDoncel,
_c1972.
300 _a218 p. ;
_c18 cm.
490 _aQué ha dicho verdaderamente;
_v15
534 _aTítulo original :
_tChe cosa ha veramente detto Socrates
700 1 _aFernández, Francisco
_etr.
_945867
834 _aQué ha dicho verdaderamente;
_v15
049 _aBNRG
999 _c21666
_d21666